A Course in Electrical Engineering Materials (Record no. 1029)
[ view plain ]
| 000 -LEADER | |
|---|---|
| fixed length control field | 00370nam a2200145Ia 4500 |
| 008 - FIXED-LENGTH DATA ELEMENTS--GENERAL INFORMATION | |
| fixed length control field | 191201s2005 xx 000 0 und d |
| 082 ## - DEWEY DECIMAL CLASSIFICATION NUMBER | |
| Classification number | 621.3 |
| Item number | SEC |
| 100 ## - MAIN ENTRY--PERSONAL NAME | |
| Personal name | SETH, S P |
| 245 #2 - TITLE STATEMENT | |
| Title | A Course in Electrical Engineering Materials |
| 250 ## - EDITION STATEMENT | |
| Edition statement | 3rd |
| 260 ## - PUBLICATION, DISTRIBUTION, ETC. (IMPRINT) | |
| Place of publication, distribution, etc | New Delhi |
| Name of publisher, distributor, etc | Dhanpat Rai Pub (P) Ltd |
| Date of publication, distribution, etc | 2005 |
| 300 ## - PHYSICAL DESCRIPTION | |
| Extent | 9.20 |
| 650 ## - SUBJECT ADDED ENTRY--TOPICAL TERM | |
| Topical term or geographic name as entry element | B.Tech(ECE) |
| 942 ## - ADDED ENTRY ELEMENTS (KOHA) | |
| Source of classification or shelving scheme | Dewey Decimal Classification |
| Koha item type | Text Books |
| Withdrawn status | Lost status | Source of classification or shelving scheme | Damaged status | Not for loan | Collection code | Home library | Current library | Date acquired | Source of acquisition | Cost, normal purchase price | Bill Number | Total Checkouts | Full call number | Acc. no. / Barcode | Date last seen | Bill Date | Koha item type |
|---|---|---|---|---|---|---|---|---|---|---|---|---|---|---|---|---|---|
| Dewey Decimal Classification | B.Tech(ECE) | PIET C-LIBRARY | PIET C-LIBRARY | 10/08/2006 | UDH, Delhi | 100.00 | CM 4732 | 621.3 SEC | 1148 | 04/12/2019 | 22/08/2005 | Text Books | |||||
| Dewey Decimal Classification | B.Tech(ECE) | PIET C-LIBRARY | PIET C-LIBRARY | 10/08/2006 | UDH, Delhi | 100.00 | CM 4732 | 621.3 SEC | 1149 | 04/12/2019 | 22/08/2005 | Text Books | |||||
| Dewey Decimal Classification | B.Tech(ECE) | PIET C-LIBRARY | PIET C-LIBRARY | 10/08/2006 | UDH, Delhi | 100.00 | CM 4732 | 621.3 SEC | 1150 | 04/12/2019 | 22/08/2005 | Text Books | |||||
| Dewey Decimal Classification | B.Tech(ECE) | PIET C-LIBRARY | PIET C-LIBRARY | 17/08/2006 | M/s UBS, Delhi | 100.00 | 125382 | 621.3 SEC | 2385 | 04/12/2019 | 22/08/2005 | Text Books |